000 00282nam a2200121Ia 4500
008 191201s2007 xx 000 0 und d
100 _aFINAR, I.L.
245 0 _aOrganic Chemistry Vol-1
260 _aN. Delhi
_bPearson
_c2007
300 _a965
650 _aApplied
942 _2ddc
_cBK
999 _c6609
_d6609